<?xml version="1.0" encoding="UTF-8"?>
<record
    xmlns:xsi="http://www.w3.org/2001/XMLSchema-instance"
    xsi:schemaLocation="http://www.loc.gov/MARC21/slim http://www.loc.gov/standards/marcxml/schema/MARC21slim.xsd"
    xmlns="http://www.loc.gov/MARC21/slim">

  <leader>01680cam a2200349 a 4500</leader>
  <controlfield tag="001">5390063</controlfield>
  <controlfield tag="003">OSt</controlfield>
  <controlfield tag="005">20240801145550.0</controlfield>
  <controlfield tag="008">990226s1998    su       b    001 0 ara d</controlfield>
  <datafield tag="010" ind1=" " ind2=" ">
    <subfield code="a">   99900139 </subfield>
  </datafield>
  <datafield tag="035" ind1=" " ind2=" ">
    <subfield code="a">(CStRLIN)DCLN99-B1185</subfield>
  </datafield>
  <datafield tag="040" ind1=" " ind2=" ">
    <subfield code="a">MH</subfield>
    <subfield code="c">MH</subfield>
    <subfield code="d">CStRLIN</subfield>
    <subfield code="d">DLC-R</subfield>
    <subfield code="d">DLC</subfield>
  </datafield>
  <datafield tag="042" ind1=" " ind2=" ">
    <subfield code="a">lccopycat</subfield>
    <subfield code="a">lcode</subfield>
  </datafield>
  <datafield tag="050" ind1="0" ind2="0">
    <subfield code="a">BP130.4</subfield>
    <subfield code="b">.Z32 1998</subfield>
  </datafield>
  <datafield tag="066" ind1=" " ind2=" ">
    <subfield code="c">(3</subfield>
  </datafield>
  <datafield tag="082" ind1=" " ind2=" ">
    <subfield code="a">297.207</subfield>
    <subfield code="b">ZAM/A</subfield>
  </datafield>
  <datafield tag="100" ind1="1" ind2=" ">
    <subfield code="a">Zamakhshar&#x12B;, Ma&#x1E25;m&#x16B;d ibn &#x2BB;Umar,</subfield>
    <subfield code="d">1075-1144</subfield>
    <subfield code="9">9746</subfield>
  </datafield>
  <datafield tag="240" ind1="1" ind2="0">
    <subfield code="a">Kashsh&#x101;f</subfield>
  </datafield>
  <datafield tag="245" ind1="1" ind2="3">
    <subfield code="6">880-01</subfield>
    <subfield code="a">al-Kashsh&#x101;f &#x2BB;an &#x1E25;aq&#x101;&#x2BC;iq ghaw&#x101;mi&#x1E0D; al-tanz&#x12B;l wa-&#x2BB;uy&#x16B;n al-aq&#x101;w&#x12B;l f&#x12B; wuj&#x16B;h al-ta&#x2BC;w&#x12B;l /</subfield>
    <subfield code="c">li-J&#x101;r All&#x101;h Ab&#x12B; al-Q&#x101;sim Ma&#x1E25;m&#x16B;d ibn &#x2BB;Umar al-Zamakhshar&#x12B; ; ta&#x1E25;q&#x12B;q wa-ta&#x2BB;l&#x12B;q wa-dir&#x101;sat &#x2BB;&#x100;dil A&#x1E25;mad &#x2BB;Abd al-Mawj&#x16B;d, &#x2BB;Al&#x12B; Mu&#x1E25;ammad Mu&#x2BB;awwa&#x1E0D;.</subfield>
  </datafield>
  <datafield tag="246" ind1="1" ind2="8">
    <subfield code="6">880-02</subfield>
    <subfield code="a">Kashsh&#x101;f</subfield>
  </datafield>
  <datafield tag="250" ind1=" " ind2=" ">
    <subfield code="6">880-03</subfield>
    <subfield code="a">al-&#x1E6C;ab&#x2BB;ah 1.</subfield>
  </datafield>
  <datafield tag="260" ind1=" " ind2=" ">
    <subfield code="a">Beiruth:</subfield>
    <subfield code="b">Darelfkr,</subfield>
    <subfield code="c">2008.</subfield>
  </datafield>
  <datafield tag="300" ind1=" " ind2=" ">
    <subfield code="a">4 v. ;</subfield>
    <subfield code="c">25 cm.</subfield>
  </datafield>
  <datafield tag="504" ind1=" " ind2=" ">
    <subfield code="a">Includes bibliographical references and indexes.</subfield>
  </datafield>
  <datafield tag="630" ind1="0" ind2="0">
    <subfield code="6">880-05</subfield>
    <subfield code="a">Qur&#x2BC;an</subfield>
    <subfield code="v">Commentaries</subfield>
    <subfield code="v">Early works to 1800.</subfield>
  </datafield>
  <datafield tag="880" ind1="1" ind2="3">
    <subfield code="6">245-01/(3/r</subfield>
    <subfield code="a">&#x627;&#x644;&#x643;&#x634;&#x627;&#x641; &#x639;&#x646; &#x62D;&#x642;&#x627;&#x626;&#x642; &#x63A;&#x648;&#x627;&#x645;&#x636; &#x627;&#x644;&#x62A;&#x646;&#x632;&#x64A;&#x644; &#x648;&#x639;&#x64A;&#x648;&#x646; &#x627;&#x644;&#x623;&#x642;&#x627;&#x648;&#x64A;&#x644; &#x641;&#x64A; &#x648;&#x62C;&#x648;&#x647; &#x627;&#x644;&#x62A;&#x623;&#x648;&#x64A;&#x644; /</subfield>
    <subfield code="c">&#x644;&#x62C;&#x627;&#x631; &#x627;&#x644;&#x644;&#x647; &#x623;&#x628;&#x64A; &#x627;&#x644;&#x642;&#x627;&#x633;&#x645; &#x645;&#x62D;&#x645;&#x648;&#x62F; &#x628;&#x646; &#x639;&#x645;&#x631; &#x627;&#x644;&#x632;&#x645;&#x62E;&#x634;&#x631;&#x64A; &#x61B; &#x62A;&#x62D;&#x642;&#x64A;&#x642; &#x648;&#x62A;&#x639;&#x644;&#x64A;&#x642; &#x648;&#x62F;&#x631;&#x627;&#x633;&#x629; &#x639;&#x627;&#x62F;&#x644; &#x639;&#x628;&#x62F; &#x627;&#x644;&#x645;&#x648;&#x62C;&#x648;&#x62F;&#x60C; &#x639;&#x644;&#x64A; &#x645;&#x62D;&#x645;&#x62F; &#x645;&#x639;&#x648;&#x636;.</subfield>
  </datafield>
  <datafield tag="880" ind1="1" ind2="8">
    <subfield code="6">246-02/(3/r</subfield>
    <subfield code="a">&#x643;&#x634;&#x627;&#x641;</subfield>
  </datafield>
  <datafield tag="880" ind1=" " ind2=" ">
    <subfield code="6">250-03/(3/r</subfield>
    <subfield code="a">&#x627;&#x644;&#x637;&#x628;&#x639;&#x629; 1.</subfield>
  </datafield>
  <datafield tag="880" ind1=" " ind2=" ">
    <subfield code="6">260-04/(3/r</subfield>
    <subfield code="a">&#x627;&#x644;&#x631;&#x64A;&#x627;&#x636; :</subfield>
    <subfield code="b">&#x645;&#x643;&#x62A;&#x628;&#x629; &#x627;&#x644;&#x639;&#x628;&#x64A;&#x643;&#x627;&#x646;&#x60C;</subfield>
    <subfield code="c">1998.</subfield>
  </datafield>
  <datafield tag="880" ind1="0" ind2="4">
    <subfield code="6">630-05/(3/r</subfield>
    <subfield code="a">&#x642;&#x631;&#x671;&#x646;.</subfield>
  </datafield>
  <datafield tag="942" ind1=" " ind2=" ">
    <subfield code="2">ddc</subfield>
    <subfield code="c">BK</subfield>
    <subfield code="h">297.207</subfield>
    <subfield code="i">ZAM/A</subfield>
    <subfield code="k">297.207</subfield>
    <subfield code="m">ZAM/A</subfield>
  </datafield>
  <datafield tag="952" ind1=" " ind2=" ">
    <subfield code="0">0</subfield>
    <subfield code="1">0</subfield>
    <subfield code="2">ddc</subfield>
    <subfield code="4">0</subfield>
    <subfield code="7">0</subfield>
    <subfield code="8">QUR'AN</subfield>
    <subfield code="a">MES</subfield>
    <subfield code="b">MES</subfield>
    <subfield code="c">ARB</subfield>
    <subfield code="d">2023-10-18</subfield>
    <subfield code="l">0</subfield>
    <subfield code="o">297.207 ZAM/A</subfield>
    <subfield code="p">42942</subfield>
    <subfield code="r">2023-10-18 10:19:41</subfield>
    <subfield code="t">Vol. 4</subfield>
    <subfield code="v">3700.00</subfield>
    <subfield code="w">2023-10-18</subfield>
    <subfield code="y">REF</subfield>
    <subfield code="z">U15R1</subfield>
  </datafield>
  <datafield tag="952" ind1=" " ind2=" ">
    <subfield code="0">0</subfield>
    <subfield code="1">0</subfield>
    <subfield code="2">ddc</subfield>
    <subfield code="4">0</subfield>
    <subfield code="7">0</subfield>
    <subfield code="8">QUR'AN</subfield>
    <subfield code="a">MES</subfield>
    <subfield code="b">MES</subfield>
    <subfield code="c">ARB</subfield>
    <subfield code="d">2023-10-18</subfield>
    <subfield code="l">0</subfield>
    <subfield code="o">297.207 ZAM/A</subfield>
    <subfield code="p">42941</subfield>
    <subfield code="r">2023-10-18 10:19:41</subfield>
    <subfield code="t">Vol. 3</subfield>
    <subfield code="v">3700.00</subfield>
    <subfield code="w">2023-10-18</subfield>
    <subfield code="y">REF</subfield>
    <subfield code="z">U15R1</subfield>
  </datafield>
  <datafield tag="952" ind1=" " ind2=" ">
    <subfield code="0">0</subfield>
    <subfield code="1">0</subfield>
    <subfield code="2">ddc</subfield>
    <subfield code="4">0</subfield>
    <subfield code="7">0</subfield>
    <subfield code="8">QUR'AN</subfield>
    <subfield code="a">MES</subfield>
    <subfield code="b">MES</subfield>
    <subfield code="c">ARB</subfield>
    <subfield code="d">2023-10-18</subfield>
    <subfield code="l">0</subfield>
    <subfield code="o">297.207 ZAM/A</subfield>
    <subfield code="p">42940</subfield>
    <subfield code="r">2023-10-18 10:19:41</subfield>
    <subfield code="t">Vol. 2</subfield>
    <subfield code="v">3700.00</subfield>
    <subfield code="w">2023-10-18</subfield>
    <subfield code="y">REF</subfield>
    <subfield code="z">U15R1</subfield>
  </datafield>
  <datafield tag="952" ind1=" " ind2=" ">
    <subfield code="0">0</subfield>
    <subfield code="1">0</subfield>
    <subfield code="2">ddc</subfield>
    <subfield code="4">0</subfield>
    <subfield code="7">0</subfield>
    <subfield code="8">QUR'AN</subfield>
    <subfield code="a">MES</subfield>
    <subfield code="b">MES</subfield>
    <subfield code="c">ARB</subfield>
    <subfield code="d">2023-10-18</subfield>
    <subfield code="l">0</subfield>
    <subfield code="o">297.207 ZAM/A</subfield>
    <subfield code="p">42939</subfield>
    <subfield code="r">2023-10-18 10:19:41</subfield>
    <subfield code="t">Vol. 1</subfield>
    <subfield code="v">3700.00</subfield>
    <subfield code="w">2023-10-18</subfield>
    <subfield code="y">REF</subfield>
    <subfield code="z">U15R1</subfield>
  </datafield>
  <datafield tag="999" ind1=" " ind2=" ">
    <subfield code="c">42701</subfield>
    <subfield code="d">42701</subfield>
  </datafield>
</record>
